000 00485 a2200157 4500
020 _a0333914503
040 _aLibrary of Congress
_bEnglish
100 1 _aCoombes, Hilary.
245 1 0 _aResearch using IT
_cHilary Coombes.
260 _aBasingstoke, Hants :
_bPalgrave,
_c2001.
300 _a274 p. :
_bill.
440 0 _aPalgrave study guides.
650 0 _aSocial sciences
_xResearch
_xMethodology.
650 0 _aSocial sciences
_xResearch
_xData processing.
942 _cBK
_k003.72 COO
_2ddc
999 _c4933
_d4933